<?xml version="1.0" encoding="UTF-8"?>
<record
    xmlns:xsi="http://www.w3.org/2001/XMLSchema-instance"
    xsi:schemaLocation="http://www.loc.gov/MARC21/slim http://www.loc.gov/standards/marcxml/schema/MARC21slim.xsd"
    xmlns="http://www.loc.gov/MARC21/slim">

  <leader>01947    a2200229   4500</leader>
  <controlfield tag="001">3389</controlfield>
  <controlfield tag="005">20260407155428.0</controlfield>
  <controlfield tag="008">260407a2003    arg                 spa d</controlfield>
  <controlfield tag="003">AR-UNSa-BCEJYS</controlfield>
  <datafield tag="040" ind1=" " ind2=" ">
    <subfield code="a">AR-UNSa-BCEJYS</subfield>
    <subfield code="b">spa</subfield>
    <subfield code="c">AR-UNSa-BCEJYS</subfield>
  </datafield>
  <datafield tag="080" ind1=" " ind2=" ">
    <subfield code="a">336.2</subfield>
    <subfield code="x">Ingresos p&#xFA;blicos (Derecho tributario)</subfield>
  </datafield>
  <datafield tag="245" ind1="1" ind2="0">
    <subfield code="a">Curso de finanzas, derecho financiero y tributario</subfield>
  </datafield>
  <datafield tag="020" ind1=" " ind2=" ">
    <subfield code="a">978-950-508-582-8</subfield>
  </datafield>
  <datafield tag="250" ind1=" " ind2=" ">
    <subfield code="a">8a. ed.</subfield>
  </datafield>
  <datafield tag="264" ind1=" " ind2="1">
    <subfield code="a">Buenos Aires :</subfield>
    <subfield code="b">Astrea</subfield>
    <subfield code="c">2003</subfield>
  </datafield>
  <datafield tag="300" ind1=" " ind2=" ">
    <subfield code="a">LXIV, 931 p.</subfield>
    <subfield code="c">20 cm.</subfield>
  </datafield>
  <datafield tag="505" ind1=" " ind2=" ">
    <subfield code="a">1. Introducci&#xF3;n - 2. Gastos p&#xFA;blicos - 3. Recursos del Estado - 4. Noci&#xF3;n y elementos - 5. Cr&#xE9;dito p&#xFA;blico - 6. El presupuesto - 7. Derecho tributario. Nociones preliminares - 8. Caracterizaci&#xF3;n jur&#xED;dica del derecho tributario - 9. Derecho constitucional tributario - 10. Derecho tributario y r&#xE9;gimen federal - 11. Derecho tributario material - 12. Derecho tributario formal - 13. Derecho procesal tributario - 14. Derecho penal tributario - 15. Derecho internacional tributario - 16. Derecho tributario de la integraci&#xF3;n econ&#xF3;mica (Derecho fiscal comunitario) - 17. Sistemas tributarios - 18. Impuesto a las ganancias - 19. Impuesto a los premios de sorteos y concursos deportivos - 20. Impuesto sobre los bienes personales y a la transferencia de inmuebles - 21. Impuesto a la ganancia m&#xED;nima presunta. Impuesto a los intereses - 22. Impuesto al valor agregado - 23. Monotributo. R&#xE9;gimen simplificado para peque&#xF1;os contribuyentes - 24. Impuestos internos - 25. Impuestos aduaneros - 26. Impuesto a las transacciones financieras - 27. Impuesto de justicia. Tasas judiciales en el orden nacional - 28. Impuestos provinciales - Tributos municipales </subfield>
  </datafield>
  <datafield tag="942" ind1=" " ind2=" ">
    <subfield code="c">BK</subfield>
  </datafield>
  <datafield tag="590" ind1=" " ind2=" ">
    <subfield code="a">niveau_biblio:m niveau_hierar:0</subfield>
  </datafield>
  <datafield tag="100" ind1="1" ind2=" ">
    <subfield code="a">Villegas, H&#xE9;ctor Belisario</subfield>
  </datafield>
  <datafield tag="856" ind1="4" ind2="1">
    <subfield code="u">https://biblioeco.unsa.edu.ar/pmb/images/libros/Curso de Finanzas, derecho financiero y tributario3-l117014.jpg</subfield>
    <subfield code="y">Imagen de portada</subfield>
    <subfield code="q">image/jpeg</subfield>
  </datafield>
  <datafield tag="999" ind1=" " ind2=" ">
    <subfield code="c">329</subfield>
    <subfield code="d">329</subfield>
  </datafield>
  <datafield tag="952" ind1=" " ind2=" ">
    <subfield code="0">0</subfield>
    <subfield code="1">0</subfield>
    <subfield code="4">0</subfield>
    <subfield code="7">0</subfield>
    <subfield code="a">BCEJYS</subfield>
    <subfield code="b">BCEJYS</subfield>
    <subfield code="c">16</subfield>
    <subfield code="d">2026-04-07</subfield>
    <subfield code="l">0</subfield>
    <subfield code="o">336.2 V728 8ed.</subfield>
    <subfield code="p">L117014</subfield>
    <subfield code="r">2026-04-07 15:54:28</subfield>
    <subfield code="w">2026-04-07</subfield>
    <subfield code="y">L</subfield>
  </datafield>
</record>
